000 00448nam a2200169 i 4500
001 27992
003 ES-MaACL
005 20230906153736.0
007 t|
008 030116s1973 sp ||||1| cat d
100 1 _aArbones, Jorge.
_922418
245 1 0 _aTeatre catalá de postguerra /
_cJordi Arbones.
250 _a[1ª ed.].
260 _a[Barcelona :
_bPáortic,
_c1973]
300 _a177 p. ;
_c19 cm.
852 _aES-MaACL
_jC-54141
_bR.87049
999 _c27992
_d27992